[Event "C.to Regionale Emilia-Romagna"]
[Site "Formigine ITA"]
[Date "2007.04.28"]
[Round "2"]
[White "Campidelli, Silvio"]
[Black "Chiarion, Elisa"]
[Result "1/2-1/2"]
[WhiteElo "1554"]
[BlackElo "1769"]
[PlyCount "143"]
[EventDate "2007.04.28"]

1. e4 c5 2. Nf3 d6 3. d4 cxd4 4. Nxd4 Nf6 5. Nc3 g6 6. Be3 Bg7 7. f3 O-O 8. Qd2
d5 9. e5 Ne8 10. f4 Nc6 11. O-O-O a6 12. Be2 Na5 13. Nf3 e6 14. g4 b5 15. Bc5
Qc7 16. Bxf8 Bxf8 17. Bd3 Bb7 18. f5 Nc4 19. Bxc4 dxc4 20. Qe2 b4 21. Ne4 a5
22. fxe6 fxe6 23. Nd6 Bd5 24. Nxe8 Rxe8 25. Rhf1 c3 26. b3 a4 27. Nd4 axb3 28.
cxb3 Qa5 29. Kb1 Ra8 30. Rf2 Be7 31. Qb5 Qc7 32. Nc2 Rb8 33. Qe2 Ra8 34. Qb5
Qxe5 35. Re2 Qc7 36. Rxd5 Rb8 37. Qd7 Qxd7 38. Rxd7 Bg5 39. Rxe6 Rf8 40. Re1
Bh4 41. Red1 Rb8 42. R7d4 Be7 43. Re1 Bf8 44. Rde4 Kg7 45. Rd1 Kh6 46. Rdd4 Bc5
47. Rc4 Rd8 48. Kc1 Bf8 49. Nxb4 Rd2 50. Rxc3 Rxh2 51. Rc2 Rh3 52. Nd3 Rxd3 53.
Ree2 Ba3+ 54. Rb2 Bxb2+ 55. Kxb2 Rd7 56. a4 Kg5 57. Re4 h5 58. gxh5 gxh5 59. a5
h4 60. Ra4 h3 61. a6 Ra7 62. b4 h2 63. Ra1 Rxa6 64. Rh1 Rh6 65. Kc3 Rh4 66. b5
Kg4 67. b6 Kg3 68. b7 Rh8 69. Kc4 Kg2 70. Rb1 h1=Q 71. Rxh1 Kxh1 72. Kc5
1/2-1/2

[Event "C.to Regionale Emilia-Romagna"]
[Site "Formigine ITA"]
[Date "2007.04.28"]
[Round "2"]
[White "Chierici, Marianna"]
[Black "Carrara, Salvatore"]
[Result "1-0"]
[WhiteElo "1996"]
[BlackElo "1812"]
[PlyCount "65"]
[EventDate "2007.04.28"]

1. e4 d6 2. d4 Nf6 3. Nc3 g6 4. f4 Bg7 5. Nf3 O-O 6. Be3 Nbd7 7. Qd2 c5 8.
O-O-O cxd4 9. Bxd4 b6 10. e5 dxe5 11. fxe5 Ng4 12. Kb1 Nc5 13. h3 Nh6 14. Qf2
Ne6 15. Be3 Qc7 16. Nd5 Qb7 17. g4 Kh8 18. Qh4 Ng8 19. Bg2 h6 20. Qg3 Qb8 21.
h4 Bb7 22. c4 Rc8 23. b3 Nc5 24. Ng5 Rf8 25. Qf2 Bxe5 26. Nxf7+ Kg7 27. Rhf1
Bf6 28. Nxf6 Nxf6 29. Bxh6+ Kh7 30. Bxf8 Qxf8 31. Ng5+ Kg8 32. Bxb7 Nxb7 33.
Qc2 1-0

[Event "C.to Regionale Emilia-Romagna"]
[Site "Formigine ITA"]
[Date "2007.04.28"]
[Round "2"]
[White "Cricca, Andrea"]
[Black "Cavicchi, Francesco"]
[Result "1-0"]
[WhiteElo "1698"]
[BlackElo "1440"]
[PlyCount "41"]
[EventDate "2007.04.28"]

1. c4 f5 2. d4 g6 3. Nc3 Nf6 4. g3 Bg7 5. Bg2 c6 6. d5 d6 7. e3 e5 8. Nge2 c5
9. Bd2 a5 10. O-O Bd7 11. e4 h6 12. f4 Ng8 13. exf5 Bxf5 14. fxe5 Bxe5 15. Bf4
Bxf4 16. Nxf4 Na6 17. Be4 Bxe4 18. Nxe4 g5 19. Ng6 Ne7 20. Nxh8 Kd7 21. Nf7 1-0

[Event "C.to Regionale Emilia-Romagna"]
[Site "Formigine ITA"]
[Date "2007.04.28"]
[Round "2"]
[White "Cuccolini, Milo"]
[Black "Vicari, Luigi"]
[Result "0-1"]
[WhiteElo "1784"]
[BlackElo "2019"]
[PlyCount "98"]
[EventDate "2007.04.28"]

1. Nf3 Nf6 2. c4 g6 3. g3 Bg7 4. Bg2 O-O 5. O-O c6 6. Nc3 d5 7. cxd5 Nxd5 8. d4
Nxc3 9. bxc3 Qa5 10. Qb3 Nd7 11. Ba3 Re8 12. e4 Nb6 13. Bb4 Qh5 14. Rac1 Be6
15. c4 a5 16. Bc5 Nd7 17. Bxe7 Rxe7 18. Qxb7 Rae8 19. Qxc6 Nb8 20. Qb6 Bg4 21.
Nd2 Re6 22. Qa7 Ra6 23. Qb7 Bxd4 24. Rb1 Rae6 25. Rb5 Re5 26. Rfb1 Nd7 27. Qc7
Bc3 28. Nf1 Bb4 29. Rb7 Rc5 30. Qf4 Qg5 31. Qxg5 Rxg5 32. Ne3 Be6 33. Nd5 Bxd5
34. cxd5 Nc5 35. R7xb4 axb4 36. f4 Rh5 37. Rxb4 Nd3 38. Rd4 Ne1 39. e5 Nxg2 40.
Kxg2 Rb8 41. Rd2 Kf8 42. Kf3 Ke7 43. Ke4 Rb4+ 44. Rd4 Rxd4+ 45. Kxd4 Rf5 46. h4
f6 47. exf6+ Kxf6 48. d6 Ke6 49. Ke3 Kxd6 0-1

[Event "C.to Regionale Emilia-Romagna"]
[Site "Formigine ITA"]
[Date "2007.04.28"]
[Round "2"]
[White "De Biaggi, Paolo"]
[Black "Quattrini, Massimo"]
[Result "0-1"]
[WhiteElo "1989"]
[BlackElo "1718"]
[PlyCount "132"]
[EventDate "2007.04.28"]

1. e4 c5 2. Nf3 Nc6 3. b3 d6 4. Bb2 Nf6 5. Nc3 g6 6. Bc4 Bg7 7. Nd5 O-O 8.
Nxf6+ exf6 9. O-O Re8 10. Re1 f5 11. Bxg7 Kxg7 12. exf5 Bxf5 13. Rxe8 Qxe8 14.
d4 Bg4 15. d5 Nd4 16. c3 Bxf3 17. gxf3 Nf5 18. Qd3 Qe7 19. Qe4 Re8 20. Qxe7
Rxe7 21. Kg2 Kf6 22. Bd3 Nh4+ 23. Kg3 Nf5+ 24. Kg2 Kg5 25. Bxf5 Kxf5 26. Kg3 g5
27. a4 Re2 28. a5 Rb2 29. Ra3 h5 30. Kg2 Ke5 31. c4 Kd4 32. f4 g4 33. Kg3 Kc3
34. a6 b6 35. Ra1 Rxb3 36. Kh4 Kxc4 37. Kxh5 Rh3+ 38. Kxg4 Rxh2 39. Kg3 Rh5 40.
Rb1 Rxd5 41. f3 Rd3 42. Re1 Ra3 43. Re7 Rxa6 44. Rxf7 Kd5 45. Re7 c4 46. f5 c3
47. f6 c2 48. Rc7 Ke6 49. Rxc2 Kxf6 50. Kg4 Ra4+ 51. Kg3 d5 52. Rd2 Ke6 53. f4
b5 54. Kg4 a5 55. Kg5 Kd6 56. f5 Ra1 57. Rf2 Rg1+ 58. Kf6 a4 59. Kf7 a3 60. f6
b4 61. Kf8 Rc1 62. f7 Rc8+ 63. Kg7 b3 64. Rf6+ Kd7 65. Ra6 b2 66. Ra7+ Ke6 0-1

[Event "C.to Regionale Emilia-Romagna"]
[Site "Formigine ITA"]
[Date "2007.04.28"]
[Round "2"]
[White "Di Trapani, Davide"]
[Black "Piccinini, Samuele"]
[Result "1-0"]
[WhiteElo "1565"]
[BlackElo "1749"]
[PlyCount "123"]
[EventDate "2007.04.28"]

1. e4 e6 2. d4 d5 3. Nc3 Bb4 4. Nge2 dxe4 5. a3 Bxc3+ 6. Nxc3 c5 7. Bb5+ Nc6 8.
Be3 cxd4 9. Qxd4 Qxd4 10. Bxd4 Nf6 11. Bxf6 gxf6 12. Nxe4 Ke7 13. O-O-O e5 14.
Nd6 Nd4 15. Nxc8+ Raxc8 16. Bd3 f5 17. Rhe1 Kf6 18. Kb1 Ne6 19. c3 Rhg8 20. g3
Rcd8 21. Bc4 Nc5 22. f3 a6 23. b4 Na4 24. Kc2 b5 25. Bd5 Rc8 26. Re3 f4 27.
gxf4 exf4 28. Red3 Rg2+ 29. R1d2 Rxd2+ 30. Kxd2 Nb6 31. Bb7 Nc4+ 32. Kc1 Re8
33. Bxa6 Re1+ 34. Rd1 Re3 35. Kc2 Rxf3 36. Kb3 Rh3 37. Bxb5 Ne3 38. Rh1 f3 39.
Bf1 Rh5 40. a4 f2 41. a5 Rg5 42. h4 Rg1 43. Rh3 Rxf1 44. Rf3+ Ke5 45. Rxe3+ Kf4
46. Re7 Rb1+ 47. Ka2 f1=Q 48. Rxf7+ Kg4 49. Rxf1 Rxf1 50. b5 Kxh4 51. a6 Kg5
52. a7 Rf8 53. b6 Ra8 54. Kb3 h5 55. b7 Rxa7 56. b8=Q Rf7 57. Qg3+ Kh6 58. c4
Rg7 59. Qh2 Rg4 60. c5 h4 61. c6 Kh5 62. c7 1-0

[Event "C.to Regionale Emilia-Romagna"]
[Site "Formigine ITA"]
[Date "2007.04.28"]
[Round "2"]
[White "Garofalo, Sergio"]
[Black "Bolognesi, Alberto"]
[Result "0-1"]
[WhiteElo "1812"]
[BlackElo "1789"]
[PlyCount "120"]
[EventDate "2007.04.28"]

1. d4 c5 2. dxc5 g6 3. e4 Bg7 4. Nf3 Qc7 5. Bd3 Nf6 6. O-O O-O 7. Nbd2 Na6 8.
c3 Nxc5 9. Bc2 b5 10. Re1 Bb7 11. Nd4 a6 12. f3 Nh5 13. Nf1 Rad8 14. Ne2 d5 15.
e5 Bxe5 16. Bh6 Bg7 17. Bxg7 Nxg7 18. b4 Nd7 19. a4 e5 20. axb5 axb5 21. Kh1
Ra8 22. Qd2 Nb6 23. Ne3 Rxa1 24. Rxa1 Ra8 25. Rxa8+ Bxa8 26. Nc1 Ne6 27. Ng4 h5
28. Nf6+ Kf8 29. Qh6+ Ke7 30. Ng8+ Kd6 31. Qd2 Nc4 32. Qe1 Qb6 33. Nh6 Qa7 34.
Nb3 Bc6 35. Bd3 Be8 36. h3 Qe3 37. Qxe3 Nxe3 38. Bxb5 Bxb5 39. Nxf7+ Ke7 40.
Nxe5 Kf6 41. Nd4 Nxd4 42. cxd4 Nc2 43. g3 Nxd4 44. f4 Nc2 45. Kg2 Nxb4 46. Kg1
g5 47. Nf3 gxf4 48. gxf4 Nc2 49. Kf2 Kf5 50. Kg3 d4 51. Nd2 Be2 52. Kf2 d3 53.
Kg3 Ne3 54. Nb3 Ke4 55. Nc5+ Kd4 56. Nxd3 Kxd3 57. Kh4 Ke4 58. Kg5 Bf3 59. Kh4
Ng2+ 60. Kg3 Nxf4 0-1

[Event "C.to Regionale Emilia-Romagna"]
[Site "Formigine ITA"]
[Date "2007.04.28"]
[Round "2"]
[White "Gaspari, Mauro"]
[Black "Vincenzi, Marco"]
[Result "0-1"]
[WhiteElo "1894"]
[BlackElo "2067"]
[PlyCount "66"]
[EventDate "2007.04.28"]

1. c4 Nf6 2. Nc3 g6 3. g3 Bg7 4. Bg2 O-O 5. e4 d6 6. Nge2 e5 7. d3 c6 8. O-O a5
9. h3 Nbd7 10. Be3 Nc5 11. f4 Nfd7 12. d4 exd4 13. Bxd4 Qb6 14. Bxg7 Kxg7 15.
Kh2 Nf6 16. Qd4 Ncd7 17. Qxd6 Qc5 18. Qd3 Nb6 19. b3 Be6 20. e5 Ng8 21. Ne4 Qe7
22. Qd4 Ra6 23. Rad1 Nd7 24. g4 Nh6 25. Nf6 Nc5 26. Nc3 Raa8 27. Nce4 Nxe4 28.
Bxe4 Rfd8 29. Qe3 Rxd1 30. Rxd1 a4 31. Rd2 axb3 32. axb3 Ra3 33. Kg3 33... Qb4
$138 0-1

[Event "C.to Regionale Emilia-Romagna"]
[Site "Formigine ITA"]
[Date "2007.04.28"]
[Round "2"]
[White "Gigli, Claudio"]
[Black "Marani, Luca"]
[Result "0-1"]
[WhiteElo "1686"]
[BlackElo "1536"]
[PlyCount "76"]
[EventDate "2007.04.28"]

1. d4 d5 2. c4 e6 3. Nc3 Nf6 4. Bg5 c6 5. e3 Be7 6. cxd5 exd5 7. Qc2 Be6 8. Bd3
Nbd7 9. Nge2 Nb6 10. O-O Qc7 11. Bf4 Qd7 12. Rac1 O-O 13. Be5 h6 14. Ng3 Nc4
15. Bxf6 Bxf6 16. Qe2 Bg4 17. f3 Be6 18. Nh5 Bg5 19. Bxc4 dxc4 20. Ne4 Qe7 21.
Nxg5 Qxg5 22. Ng3 b5 23. Ne4 Qe7 24. Nc5 Bd5 25. e4 Rfe8 26. Qf2 Be6 27. Rce1
Qf6 28. f4 Rad8 29. e5 Qf5 30. Ne4 Re7 31. Nd6 Qh5 32. f5 Bd5 33. f6 Re6 34.
fxg7 Rg6 35. Re4 Rxg7 36. Rh4 Qxh4 37. Qxh4 Rxg2+ 38. Kh1 Rg4+ 0-1

[Event "C.to Regionale Emilia-Romagna"]
[Site "Formigine ITA"]
[Date "2007.04.28"]
[Round "2"]
[White "Giovannardi, Mirko"]
[Black "Occari, Maurizio"]
[Result "1/2-1/2"]
[WhiteElo "1578"]
[BlackElo "1994"]
[PlyCount "27"]
[EventDate "2007.04.28"]

1. d4 g6 2. c4 Bg7 3. Nc3 d6 4. e4 Nf6 5. Nf3 O-O 6. Be2 Bg4 7. h3 Bxf3 8. Bxf3
Nbd7 9. O-O c6 10. Be3 Qc7 11. Rc1 Nb6 12. b3 Rad8 13. Qc2 a6 14. Rfd1 1/2-1/2

[Event "C.to Regionale Emilia-Romagna"]
[Site "Formigine ITA"]
[Date "2007.04.28"]
[Round "2"]
[White "Lucchi, Sauro"]
[Black "Arnetta, Marianna"]
[Result "0-1"]
[WhiteElo "1356"]
[BlackElo "2039"]
[PlyCount "68"]
[EventDate "2007.04.28"]

1. e4 e6 2. d4 d5 3. exd5 exd5 4. Bd3 Bd6 5. Nf3 Nf6 6. O-O O-O 7. Bg5 Bg4 8.
Nbd2 Nbd7 9. c3 c6 10. Qc2 Qc7 11. Rfe1 Rfe8 12. b3 Bf4 13. Bxf4 Qxf4 14. b4 h6
15. b5 c5 16. dxc5 Nxc5 17. h3 Nxd3 18. Qxd3 Bf5 19. Qd4 Qc7 20. Ne5 Rac8 21.
Rac1 Qa5 22. a4 a6 23. Nb3 Qc7 24. b6 Qd8 25. Nc5 Qxb6 26. Qf4 Bxh3 27. Nxb7
Bxg2 28. Nxf7 Rxe1+ 29. Rxe1 Qxb7 30. Nd6 Qc7 31. Nxc8 Qxf4 32. Kxg2 Qg4+ 33.
Kf1 Qxc8 34. Rc1 Ne4 0-1

[Event "C.to Regionale Emilia-Romagna"]
[Site "Formigine ITA"]
[Date "2007.04.28"]
[Round "2"]
[White "Marconcini, Fabio"]
[Black "Bertocchi, Fulvio"]
[Result "0-1"]
[WhiteElo "1944"]
[BlackElo "1688"]
[PlyCount "88"]
[EventDate "2007.04.28"]

1. e4 e5 2. Nf3 Nc6 3. Bb5 d6 4. d4 Bd7 5. d5 Nb8 6. Qe2 Be7 7. O-O Nf6 8. Nc3
O-O 9. Bxd7 Nbxd7 10. Bg5 a6 11. h3 h6 12. Bh4 Rc8 13. Nh2 Nxd5 14. Nxd5 Bxh4
15. f4 c6 16. Nc3 exf4 17. Rxf4 Bg3 18. Rf5 Qb6+ 19. Kh1 Bxh2 20. Kxh2 Qxb2 21.
Rb1 Qxc3 22. Rxb7 Ne5 23. Rb3 Qd4 24. Rg3 Rce8 25. Qh5 Kh7 26. Rf4 Re6 27. c3
Qd2 28. Rf1 Rg6 29. Qf5 Kg8 30. Rf2 Qe1 31. Rxg6 Nxg6 32. Rf1 Qxc3 33. Qd7 Qe5+
34. Kh1 Nf4 35. Qxc6 Ne2 36. Rd1 Ng3+ 37. Kg1 a5 38. Qc4 Re8 39. Rd3 Nxe4 40.
Rf3 d5 41. Qa6 Nd2 42. Ra3 Qe1+ 43. Kh2 Qe5+ 44. Kh1 Qf4 0-1

[Event "C.to Regionale Emilia-Romagna"]
[Site "Formigine ITA"]
[Date "2007.04.28"]
[Round "2"]
[White "Martinello, Christian"]
[Black "Bertelli, Andrea"]
[Result "1-0"]
[WhiteElo "2051"]
[BlackElo "1440"]
[PlyCount "73"]
[EventDate "2007.04.28"]

1. e4 d6 2. d4 Nf6 3. Nc3 g6 4. f4 Bg4 5. Be2 Bxe2 6. Qxe2 Nc6 7. Be3 Bg7 8.
Rd1 Qc8 9. e5 Ng4 10. h3 Nxe3 11. Qxe3 dxe5 12. fxe5 e6 13. Nf3 Ne7 14. Ne4 Nf5
15. Qf2 b6 16. g4 Qb7 17. Qe2 Nh6 18. Qb5+ Ke7 19. Qb4+ Ke8 20. Nf6+ Bxf6 21.
exf6 c6 22. O-O Rd8 23. Ne5 Nxg4 24. hxg4 h5 25. g5 h4 26. Qe7+ Qxe7 27. fxe7
Kxe7 28. Nxc6+ Ke8 29. Nxd8 Kxd8 30. Rxf7 Rh5 31. Rxa7 Rxg5+ 32. Kh1 Rf5 33. c4
Kc8 34. d5 exd5 35. cxd5 g5 36. d6 Kb8 37. Rg7 1-0

[Event "C.to Regionale Emilia-Romagna"]
[Site "Formigine ITA"]
[Date "2007.04.28"]
[Round "2"]
[White "Muccini, Andrea"]
[Black "Grandi, Davide"]
[Result "0-1"]
[WhiteElo "1476"]
[BlackElo "1673"]
[PlyCount "48"]
[EventDate "2007.04.28"]

1. e4 c5 2. Nc3 Nc6 3. Nf3 d6 4. g3 g6 5. b3 Bg7 6. Bb2 Nf6 7. Bg2 Nxe4 8. Nxe4
Bxb2 9. Rb1 Bg7 10. Nfg5 h6 11. Nh3 Bf5 12. O-O O-O 13. Qf3 Nd4 14. Qd3 d5 15.
f3 dxe4 16. fxe4 Bg4 17. Qc4 Be2 18. Qa4 Bxf1 19. Rxf1 b5 20. Qa3 Nxc2 21. Qc1
Bd4+ 22. Kh1 Nb4 23. e5 Rc8 24. Qb1 Bxe5 0-1

[Event "C.to Regionale Emilia-Romagna"]
[Site "Formigine ITA"]
[Date "2007.04.28"]
[Round "2"]
[White "Pelliconi, Vanes"]
[Black "Chierici, James"]
[Result "1-0"]
[WhiteElo "2019"]
[BlackElo "1577"]
[PlyCount "131"]
[EventDate "2007.04.28"]

1. d4 d5 2. Nf3 Nf6 3. c4 dxc4 4. Nc3 e6 5. e3 Nc6 6. Bxc4 Bb4 7. O-O O-O 8.
Qe2 a6 9. Rd1 Bxc3 10. bxc3 Ne7 11. e4 b5 12. Bd3 Ng6 13. Bg5 h6 14. Bc1 Bb7
15. Bd2 Qe7 16. a4 c6 17. g3 Rfe8 18. Bc1 Qc7 19. h4 c5 20. Be3 Nxe4 21. Rac1
Nxg3 22. fxg3 Qxg3+ 23. Qg2 Qxf3 24. Qxf3 Bxf3 25. Rf1 Bd5 26. h5 c4 27. Be2
Ne7 28. axb5 axb5 29. Rb1 Reb8 30. Bf4 Rb7 31. Rb2 Nc6 32. Rfb1 Na7 33. Ra1 Rd7
34. Rba2 Kf8 35. Ra6 f6 36. Bd6+ Kf7 37. Bc5 e5 38. Bg4 Rdd8 39. Rxa7+ Rxa7 40.
Rxa7+ Kg8 41. Rd7 Rxd7 42. Bxd7 exd4 43. Bxd4 Bf3 44. Be8 Bd1 45. Kf2 Kf8 46.
Bg6 Ke7 47. Bc5+ Ke6 48. Ke3 f5 49. Bd4 Bc2 50. Kf4 Kd5 51. Bf7+ Kd6 52. Bxg7
Ke7 53. Bg6 Be4 54. Bxf5 Bd5 55. Ke5 Bf7 56. Bg4 b4 57. cxb4 c3 58. Bxh6 Kd8
59. Kd6 c2 60. b5 Be8 61. b6 Bd7 62. Bg5+ Kc8 63. Bxd7+ Kb7 64. Kc5 Kb8 65.
Bf4+ Kb7 66. Kb5 1-0

[Event "C.to Regionale Emilia-Romagna"]
[Site "Formigine ITA"]
[Date "2007.04.28"]
[Round "2"]
[White "Salami, Marco"]
[Black "Lucchi, Lorenzo"]
[Result "1-0"]
[WhiteElo "2218"]
[BlackElo "1940"]
[PlyCount "95"]
[EventDate "2007.04.28"]

1. d4 d6 2. Nc3 Nf6 3. Bg5 h6 4. Bxf6 gxf6 5. Qd3 e5 6. Nf3 Nc6 7. O-O-O Be7 8.
d5 Nb8 9. Nh4 Na6 10. e4 Nc5 11. Qg3 f5 12. Bb5+ Kf8 13. Nxf5 Bg5+ 14. Ne3 a6
15. Bd3 Qf6 16. h4 Bf4 17. Qf3 h5 18. Kb1 Nxd3 19. Rxd3 Ke7 20. g3 Bh6 21. Nf5+
Bxf5 22. exf5 Qg7 23. Ne4 f6 24. Qxh5 Rad8 25. Qf3 Qf7 26. Re1 Bg7 27. Rb3 b6
28. Rc3 Kd7 29. Rc6 Qh5 30. Qd3 Ra8 31. Nc3 Rhf8 32. Qe4 b5 33. Rh1 Bh6 34. g4
Qf7 35. Rg1 Rg8 36. a4 Bd2 37. Qd3 Bxc3 38. Rxc3 b4 39. Rc6 Rgb8 40. g5 Qh5 41.
gxf6 Rg8 42. Rg7+ Rxg7 43. fxg7 Qxh4 44. Qc4 Qh1+ 45. Ka2 Rc8 46. g8=Q Rxg8 47.
Rxc7+ Ke8 48. Rc8+ 1-0

[Event "C.to Regionale Emilia-Romagna"]
[Site "Formigine ITA"]
[Date "2007.04.28"]
[Round "2"]
[White "Salvioli, Alessandro"]
[Black "Ferretti, Alessandro"]
[Result "1-0"]
[WhiteElo "1524"]
[BlackElo "1748"]
[PlyCount "155"]
[EventDate "2007.04.28"]

1. e4 c5 2. Nf3 Nc6 3. d4 cxd4 4. Nxd4 Nf6 5. Nc3 e5 6. Ndb5 b6 7. Bg5 a6 8.
Na3 b5 9. Nd5 Be7 10. Nxe7 Nxe7 11. f3 Bb7 12. c4 Qa5+ 13. Bd2 Qb6 14. cxb5 d5
15. bxa6 Bxa6 16. Qa4+ Kf8 17. Bxa6 Rxa6 18. Qb4 dxe4 19. Qxb6 Rxb6 20. Nc4 Re6
21. O-O Nc6 22. f4 Nd5 23. f5 Re7 24. Rfe1 Nd4 25. Rxe4 f6 26. a4 Nxf5 27. Rf1
g6 28. g4 Rg8 29. Kh1 Ng7 30. Nb6 Nf4 31. Bb4 Nge6 32. Bxe7+ Kxe7 33. g5 Nc5
34. Rc4 Ncd3 35. gxf6+ Kxf6 36. Nd5+ Ke6 37. Nxf4+ Nxf4 38. b4 Rd8 39. Rfc1 Kf5
40. b5 Nd3 41. Rf1+ Ke6 42. b6 Kd5 43. Rc7 Rb8 44. a5 Nb4 45. Rff7 Na6 46. Rb7
Rc8 47. Rfc7 Rf8 48. Rxh7 e4 49. Rhf7 Rc8 50. Rbd7+ Kc6 51. Rd4 e3 52. Re7 Kb5
53. Rxe3 Kxa5 54. Ra3+ Kb5 55. Rda4 Nc5 56. Ra8 Rxa8 57. Rxa8 Kxb6 58. Rg8 Ne4
59. Rxg6+ Kc5 60. h4 Nf2+ 61. Kg2 Nd3 62. Rg5+ Kd6 63. h5 Nf4+ 64. Kf3 Ne6 65.
Rg6 Ke7 66. h6 Nf8 67. Rg3 Kf6 68. Ke4 Nh7 69. Kf3 Nf8 70. Kg2 Nh7 71. Kh3 Nf8
72. Kh4 Ng6+ 73. Kg4 Nf8 74. Kh5 Nh7 75. Rf3+ Ke7 76. Kg6 Nf8+ 77. Rxf8 Kxf8
78. h7 1-0

[Event "C.to Regionale Emilia-Romagna"]
[Site "Formigine ITA"]
[Date "2007.04.28"]
[Round "2"]
[White "Solinas, Roberto"]
[Black "Fiorentini, Davide"]
[Result "1-0"]
[WhiteElo "1673"]
[BlackElo "1494"]
[PlyCount "37"]
[EventDate "2007.04.28"]

1. d4 e6 2. Nf3 c5 3. e3 Nf6 4. Nbd2 d5 5. c3 Nc6 6. Bd3 Bd7 7. O-O Bd6 8. dxc5
Bxc5 9. e4 O-O 10. exd5 Nxd5 11. Ne4 Bb6 12. Bg5 Qb8 13. Bh4 f5 14. Bg3 Bc7 15.
Nc5 Bc8 16. Ng5 Bxg3 17. hxg3 e5 18. Bc4 Rd8 19. Bxd5+ 1-0

[Event "C.to Regionale Emilia-Romagna"]
[Site "Formigine ITA"]
[Date "2007.04.28"]
[Round "2"]
[White "Vezzelli, Francesco"]
[Black "Pazzini, Elia"]
[Result "1-0"]
[WhiteElo "1561"]
[BlackElo "1731"]
[PlyCount "164"]
[EventDate "2007.04.28"]

1. e4 e5 2. Nf3 Nc6 3. Bc4 Bc5 4. d3 Nf6 5. Nc3 d6 6. Bg5 h6 7. Bh4 g5 8. Nxg5
hxg5 9. Bxg5 Bxf2+ 10. Kf1 Rg8 11. h4 Be3 12. Qf3 Bxg5 13. hxg5 Nd4 14. Qf2 b5
15. Nxb5 Ba6 16. Nxd4 Bxc4 17. gxf6 Bxd3+ 18. cxd3 exd4 19. Qxd4 Qd7 20. Rd1
Qg4 21. Rd2 Kd7 22. Qa4+ Kd8 23. Rf2 Qg5 24. Qc2 Rb8 25. b3 Kd7 26. Rh3 Rb6 27.
Rf5 Qg4 28. Qe2 Qg6 29. Kg1 Rc6 30. Kh2 Rc1 31. Rf2 Qg5 32. Qh5 Ke6 33. Qxg5
Rxg5 34. Rhf3 Rh5+ 35. Kg3 Rg5+ 36. Kh4 Rg6 37. g4 Rh1+ 38. Kg3 Rg1+ 39. Kh2
R1xg4 40. Rc2 Kd7 41. Rc4 Rg2+ 42. Kh3 Rg1 43. Kh2 R6g2+ 44. Kh3 Rxa2 45. b4
Raa1 46. Kh2 Rg6 47. Rf5 Ra2+ 48. Kh3 Rag2 49. Rc3 Rb2 50. b5 Rb1 51. Kh2 Ra1
52. Rb3 Ra2+ 53. Kh3 Ke6 54. Rc3 Ra1 55. Kh2 Kd7 56. Rb3 Kc8 57. Rb2 Kb7 58. d4
Re1 59. Rf4 Re3 60. Rg2 Rxg2+ 61. Kxg2 Rd3 62. d5 Rb3 63. Rh4 Rxb5 64. Rh7 Rb4
65. Kf3 Ka6 66. Rxf7 Rb8 67. Rxc7 Rf8 68. Rc6+ Kb5 69. Rxd6 a5 70. e5 a4 71.
Rc6 a3 72. Rc1 Kb4 73. d6 Kb3 74. d7 Kb2 75. Rc8 a2 76. Rxf8 a1=Q 77. d8=Q Qf1+
78. Kg4 Qe2+ 79. Kf5 Qf3+ 80. Ke6 Qb3+ 81. Ke7 Qb7+ 82. Qd7 Qb3 1-0

[Event "C.to Regionale Emilia-Romagna"]
[Site "Formigine ITA"]
[Date "2007.04.29"]
[Round "3"]
[White "Arnetta, Marianna"]
[Black "Giovannardi, Mirko"]
[Result "1/2-1/2"]
[WhiteElo "2039"]
[BlackElo "1578"]
[PlyCount "71"]
[EventDate "2007.04.28"]

1. e4 e5 2. Nf3 Nc6 3. Bc4 Bc5 4. c3 Nf6 5. d4 exd4 6. e5 d5 7. Bb5 Ne4 8. cxd4
Bb4+ 9. Nbd2 Bd7 10. O-O a6 11. Be2 O-O 12. a3 Ba5 13. Qc2 Bf5 14. Bd3 Nxd2 15.
Bxd2 Bxd3 16. Qxd3 Bxd2 17. Nxd2 Qe7 18. f4 f5 19. Nf3 Nd8 20. Rac1 Ne6 21. g3
c6 22. Nd2 g5 23. Nb3 gxf4 24. gxf4 Kh8 25. Kh1 Qh4 26. Qg3 Qh5 27. Qe3 Rg8 28.
Rg1 Qh4 29. Rgf1 Rg4 30. Nc5 Nxc5 31. Rxc5 Rag8 32. Rc2 Re8 33. Qf2 Qh6 34. Re2
Re6 35. Qf3 Rgg6 36. Ref2 1/2-1/2

[Event "C.to Regionale Emilia-Romagna"]
[Site "Formigine ITA"]
[Date "2007.04.29"]
[Round "3"]
[White "Bertelli, Andrea"]
[Black "Chiarion, Elisa"]
[Result "0-1"]
[WhiteElo "1440"]
[BlackElo "1769"]
[PlyCount "122"]
[EventDate "2007.04.28"]

1. Nf3 d5 2. d4 c6 3. c3 Nd7 4. g3 Ngf6 5. Bg2 e6 6. Bg5 Bd6 7. Nbd2 Qc7 8. O-O
h6 9. Bxf6 Nxf6 10. Re1 O-O 11. e4 Nd7 12. e5 Be7 13. Re3 c5 14. Rc1 c4 15. b4
a5 16. a3 Nb6 17. Qc2 Bd7 18. Rb1 axb4 19. axb4 Ra3 20. Rb2 Rfa8 21. Nb1 R3a6
22. Qc1 Qd8 23. Bf1 R8a7 24. Be2 Na4 25. Ra2 Nxc3 26. Rxa6 Nxe2+ 27. Rxe2 Rxa6
28. Qc3 Qb6 29. Rb2 Ra4 30. Qc2 Rxb4 31. Rxb4 Qxb4 32. Kg2 b5 33. Ng1 Qa4 34.
Qxa4 bxa4 35. Nc3 a3 36. Nge2 Kf8 37. Nc1 Ke8 38. N1a2 Kd8 39. Kf1 Kc7 40. Ke2
Kb6 41. Kd1 Ka5 42. Kc2 Ba4+ 43. Kd2 Bb3 44. Kc1 Bd8 45. Kb1 Bb6 46. Ne2 Bxa2+
47. Kxa2 Kb4 48. f4 c3 49. h3 c2 50. g4 Bxd4 51. f5 Bxe5 52. fxe6 fxe6 53. h4
Bb2 54. g5 d4 55. gxh6 gxh6 56. h5 d3 57. Nd4 c1=Q 58. Nc2+ Kc5 59. Kb3 Qxc2+
60. Ka2 Bc1+ 61. Ka1 Qb2# 0-1

[Event "C.to Regionale Emilia-Romagna"]
[Site "Formigine ITA"]
[Date "2007.04.29"]
[Round "3"]
[White "Bertocchi, Fulvio"]
[Black "Bocci, Alessandro"]
[Result "0-1"]
[WhiteElo "1688"]
[BlackElo "1909"]
[PlyCount "98"]
[EventDate "2007.04.28"]

1. d4 Nf6 2. Nc3 d5 3. Nf3 e6 4. a3 c5 5. Bg5 Nc6 6. e3 Be7 7. Be2 O-O 8. O-O
cxd4 9. exd4 a6 10. Re1 b5 11. Bd3 b4 12. axb4 Nxb4 13. h3 Nxd3 14. Qxd3 Rb8
15. b3 Qc7 16. Rec1 Bb4 17. Bxf6 Qxc3 18. Qxc3 Bxc3 19. Be5 Rb6 20. Ra2 Bd7 21.
Bc7 Rc6 22. Ba5 Bxa5 23. Rxa5 f6 24. c4 Rb8 25. Nd2 dxc4 26. bxc4 Rb2 27. d5
exd5 28. Rxd5 Be6 29. Rd8+ Kf7 30. c5 Ke7 31. Rd4 Rb5 32. Ne4 f5 33. Ng5 Rbxc5
34. Rxc5 Rxc5 35. Nxh7 Rc4 36. Rd1 a5 37. Ng5 Bg8 38. Nf3 a4 39. Ra1 Rb4 40.
Ne5 Kd6 41. Nd3 Rd4 42. Nb2 Bb3 43. f3 Kc5 44. g4 f4 45. h4 Kb4 46. Nxa4 Bxa4
47. Kf2 Rd2+ 48. Ke1 Rh2 49. h5 Rh1+ 0-1

[Event "C.to Regionale Emilia-Romagna"]
[Site "Formigine ITA"]
[Date "2007.04.29"]
[Round "3"]
[White "Buriani, Andrea"]
[Black "Cricca, Andrea"]
[Result "1-0"]
[WhiteElo "2144"]
[BlackElo "1698"]
[PlyCount "41"]
[EventDate "2007.04.28"]

1. d4 d5 2. Nf3 c6 3. c4 Nf6 4. Nc3 e6 5. e3 dxc4 6. Bxc4 b5 7. Bd3 Bb4 8. O-O
O-O 9. a4 bxa4 10. Nxa4 a5 11. Bd2 Ba6 12. Bxb4 Bxd3 13. Bxf8 Bxf1 14. Bxg7
Kxg7 15. Kxf1 Nbd7 16. Qc2 Rc8 17. Ra3 Nd5 18. e4 N5b6 19. Nc5 Nf8 20. Rxa5 Ra8
21. Qc3 1-0

[Event "C.to Regionale Emilia-Romagna"]
[Site "Formigine ITA"]
[Date "2007.04.29"]
[Round "3"]
[White "Carrara, Salvatore"]
[Black "De Biaggi, Paolo"]
[Result "0-1"]
[WhiteElo "1812"]
[BlackElo "1989"]
[PlyCount "76"]
[EventDate "2007.04.28"]

1. d4 e6 2. Nf3 c5 3. c3 d5 4. e3 a6 5. Bd3 c4 6. Bc2 f5 7. Nbd2 Nf6 8. Ne5
Nbd7 9. O-O Bd6 10. Ndf3 O-O 11. a4 Qc7 12. Nxd7 Bxd7 13. h3 b5 14. Bd2 Rab8
15. b4 cxb3 16. Bxb3 Ne4 17. Rc1 Ba3 18. Ra1 Bb2 19. Rb1 Bxc3 20. Bxc3 Nxc3 21.
Qc2 bxa4 22. Ba2 Rxb1 23. Rxb1 Bb5 24. Rc1 Rc8 25. Kh1 Qa5 26. Nd2 Rc6 27. Qb2
Qc7 28. Nf3 Ne2 29. Rxc6 Qxc6 30. Qb4 Qc7 31. Bb1 h5 32. g3 g5 33. Kg2 g4 34.
Ne1 Nc1 35. Nc2 Qc4 36. Qe7 Qf1+ 37. Kh2 Qxh3+ 38. Kg1 Ne2# 0-1

[Event "C.to Regionale Emilia-Romagna"]
[Site "Formigine ITA"]
[Date "2007.04.29"]
[Round "3"]
[White "Fiorentini, Davide"]
[Black "Gigli, Claudio"]
[Result "0-1"]
[WhiteElo "1494"]
[BlackElo "1686"]
[PlyCount "68"]
[EventDate "2007.04.28"]

1. d4 Nf6 2. c4 c5 3. e3 g6 4. Nf3 Bg7 5. Nc3 O-O 6. Bd3 d6 7. Bd2 Re8 8. O-O
e5 9. dxe5 dxe5 10. Qc2 Nc6 11. a3 Qe7 12. e4 Bg4 13. Nd5 Nxd5 14. cxd5 Nd4 15.
Nxd4 exd4 16. f3 Bd7 17. Rfe1 b5 18. b3 c4 19. bxc4 bxc4 20. Qxc4 Rab8 21. Bb4
Qd8 22. Qa6 Be5 23. Qxa7 Ra8 24. Qc5 Qh4 25. h3 Bxh3 26. Re2 Bd7 27. g4 Qg3+
28. Rg2 Qxf3 29. Qc2 Ba4 30. Qe2 Qxe2 31. Rxe2 Rac8 32. Ree1 Bd7 33. Be2 d3 34.
Bc3 Bxc3 0-1